000 00491nam a2200181Ia 4500
008 220216s9999 xx 000 0 und d
100 _aAlshuth T
245 0 _aImproving the prediction of stress softening in rubber components
260 _bKautschuk Gummi Kunststoffe
_c2007
300 _a670-677
650 _aElastomers
650 _aFEA
650 _aPhenomenological material models
650 _aStress softening
700 _aJerrams S
700 _aMcNamara J
942 _cJS
999 _c60913
_d60913